| 000 | 00489nam a22001697a 4500 | ||
|---|---|---|---|
| 003 | CEME | ||
| 005 | 20210628203536.0 | ||
| 008 | 210119b xxu||||| |||| 00| 0 eng d | ||
| 040 | _c. | ||
| 082 | _a297.63 MUH | ||
| 100 |
_aMuhammad Hanif Shahid _966141 |
||
| 245 | _aRahmet-ul- allameen (pbuh) quaid-a- azam key nazar may | ||
| 260 |
_aLAHORE _bMAH KHALID NAZIR BUTT _c2005 |
||
| 300 | _a256P | ||
| 650 |
_aISLAM-BIOGRAPHY-PROPHET MUHAMMAD PEACE BE UPON HIM. _924948 |
||
| 942 |
_cBK _2ddc |
||
| 999 |
_c574158 _d574158 |
||